| 000 | 00461nam a2200109Ia 4500 | ||
|---|---|---|---|
| 008 | 171212s9999 xx 000 0 und d | ||
| 100 | _aFain, Terry;Turner, Susan;Greathouse, Sarah Michal | ||
| 245 |
_cFain, Terry;Turner, Susan;Greathouse, Sarah Michal _aLos Angeles County Juvenile Justice Crime Prevention Act _bFiscal Year 2011–2012 Report |
||
| 260 |
_bRAND Corporation _c2013 |
||
| 650 | _aHistory | ||
| 856 | _uhttp://www.jstor.org/stable/10.7249/j.ctt5hhtqf | ||
| 999 |
_c352281 _d352281 |
||